[Event "14.Zlata Praha-D"]
[Site "Praha"]
[Date "2018.07.07"]
[Round "9.7"]
[White "Melich, Jindrich"]
[Black "Guzman Vasquez, Juan David"]
[Result "1-0"]
[WhiteElo "1902"]
[BlackElo "1000"]
[PlyCount "95"]
[EventDate "2018.??.??"]

1. b4 d5 2. Bb2 c6 3. e3 Bf5 4. c4 e6 5. a3 Nf6 6. Nf3 Be7 7. Be2 Nbd7 8. O-O
O-O 9. d4 Re8 10. Nc3 Bf8 11. Qb3 a6 12. h3 Bg6 13. Nh4 dxc4 14. Qxc4 Nb6 15.
Qb3 Nfd5 16. Nxg6 hxg6 17. Rfd1 e5 18. dxe5 Qg5 19. Nxd5 Nxd5 20. Bf3 Ne7 21.
Rd7 Rad8 22. Rad1 Rxd7 23. Rxd7 Qf5 24. Rxb7 c5 25. bxc5 Qb1+ 26. Kh2 Qf5 27.
Qc4 Rc8 28. c6 Qe6 29. Qxa6 Nxc6 30. Rb6 Nb8 31. Rxe6 Nxa6 32. Rxa6 Rc2 33. Bd4
Rxf2 34. a4 f6 35. Bd5+ Kh7 36. exf6 gxf6 37. Rxf6 Rxf6 38. Bxf6 Bd6+ 39. Kg1
g5 40. Kf2 Kg6 41. Bd4 Kf5 42. a5 Bb8 43. a6 g4 44. hxg4+ Kxg4 45. a7 Bxa7 46.
Bxa7 Kf5 47. Bd4 Kg5 48. Kf3 1-0

[Event "14.Zlata Praha-D"]
[Site "Praha"]
[Date "2018.07.07"]
[Round "10.1"]
[White "Plasek, Zdenek"]
[Black "Sergeev, Vladimir"]
[Result "0-1"]
[WhiteElo "1964"]
[BlackElo "2422"]
[PlyCount "34"]
[EventDate "2018.??.??"]

1. d4 Nf6 2. Bf4 d6 3. Nc3 Nbd7 4. Nf3 a6 5. a4 c5 6. e4 cxd4 7. Ne2 e5 8. Bg5
h6 9. Bxf6 Nxf6 10. Ng3 Qb6 11. Ra3 d5 12. Rb3 Qa5+ 13. Qd2 Qxd2+ 14. Nxd2 Nxe4
15. Ngxe4 dxe4 16. Nxe4 Be6 17. Rxb7 Bd5 0-1

[Event "14.Zlata Praha-D"]
[Site "Praha"]
[Date "2018.07.07"]
[Round "10.2"]
[White "Burdalev, Kirill"]
[Black "Buksa, Jaromir"]
[Result "1-0"]
[WhiteElo "2302"]
[BlackElo "1889"]
[PlyCount "53"]
[EventDate "2018.??.??"]

1. d4 Nf6 2. Bf4 e6 3. e3 Be7 4. h3 O-O 5. Nf3 b6 6. Bd3 Bb7 7. O-O d6 8. a4
Nbd7 9. a5 c5 10. c3 a6 11. axb6 Qxb6 12. Nbd2 Rfc8 13. Nc4 Qc7 14. Re1 cxd4
15. exd4 Nb6 16. Na5 Bd5 17. Nd2 Bb7 18. c4 Nbd7 19. c5 e5 20. cxd6 Bxd6 21.
dxe5 Bxe5 22. Bxe5 Nxe5 23. Rxe5 Qxe5 24. Nxb7 Qxb2 25. Nd6 Rd8 26. N2c4 a5 27.
Nxb2 1-0

[Event "14.Zlata Praha-D"]
[Site "Praha"]
[Date "2018.07.07"]
[Round "10.3"]
[White "Zvacek, Antonin"]
[Black "Gregor, Jiri"]
[Result "0-1"]
[WhiteElo "1869"]
[BlackElo "2285"]
[PlyCount "56"]
[EventDate "2018.??.??"]

1. e4 c6 2. d4 d5 3. f3 dxe4 4. fxe4 e5 5. Nf3 Bg4 6. Bc4 Nd7 7. O-O Ngf6 8.
dxe5 Bxf3 9. Qxf3 Nxe5 10. Qe2 Qd4+ 11. Be3 Qxc4 12. Nc3 Qxe2 13. Nxe2 Be7 14.
Nd4 Bc5 15. Rae1 O-O 16. Nf5 Bxe3+ 17. Rxe3 Rfe8 18. Rg3 Ng6 19. Nd6 Nxe4 20.
Nxe4 Rxe4 21. Rd3 Rae8 22. Rd7 R4e7 23. Rfd1 f6 24. g3 Rxd7 25. Rxd7 Re7 26.
Rd3 Kf7 27. Kf2 Ne5 28. Ra3 a6 0-1

[Event "14.Zlata Praha-D"]
[Site "Praha"]
[Date "2018.07.07"]
[Round "10.4"]
[White "Gan-Erdene, Sugar"]
[Black "Pribyl, Josef"]
[Result "1-0"]
[WhiteElo "2074"]
[BlackElo "2203"]
[PlyCount "81"]
[EventDate "2018.??.??"]

1. e4 d6 2. d4 Nf6 3. Nc3 e5 4. Nf3 Nbd7 5. Bc4 Be7 6. O-O O-O 7. Re1 c6 8. a4
b6 9. h3 a6 10. Nh4 Nxe4 11. Nxe4 d5 12. Nf5 dxc4 13. d5 Nf6 14. Nxe7+ Qxe7 15.
dxc6 Nxe4 16. Rxe4 Qe6 17. Qe2 Qxc6 18. Rxc4 Qd5 19. Be3 Bb7 20. f3 Rfc8 21.
Rb4 Bc6 22. Rxb6 e4 23. f4 a5 24. Rd1 Qf5 25. b3 Be8 26. Rbd6 h6 27. R1d5 Qh7
28. Qd2 Kh8 29. Rd8 Qg8 30. Rxc8 Rxc8 31. Rxa5 f6 32. Ra7 Qe6 33. c4 Rb8 34.
Qd1 Kh7 35. a5 Bg6 36. a6 Bf5 37. Rb7 Ra8 38. a7 Bxh3 39. Rb8 Qc6 40. Qd5 Bd7
41. Rxa8 1-0

[Event "14.Zlata Praha-D"]
[Site "Praha"]
[Date "2018.07.07"]
[Round "10.5"]
[White "Netusil, Miloslav"]
[Black "Melich, Jindrich"]
[Result "1-0"]
[WhiteElo "2185"]
[BlackElo "1902"]
[PlyCount "75"]
[EventDate "2018.??.??"]

1. d4 c5 2. d5 e5 3. e4 d6 4. Bb5+ Nd7 5. a4 Be7 6. Nf3 Ngf6 7. Nc3 O-O 8. O-O
Rb8 9. h3 a6 10. Bd3 Ne8 11. Nd2 g6 12. Nc4 Nb6 13. Nxb6 Qxb6 14. a5 Qd8 15. f4
exf4 16. Bxf4 Bg5 17. Qf3 Bxf4 18. Qxf4 Qe7 19. Rae1 Qe5 20. Qh4 b5 21. axb6
Rxb6 22. Nd1 c4 23. Qf2 cxd3 24. Qxb6 dxc2 25. Nc3 Ng7 26. Qf2 Bd7 27. Qxc2 Rb8
28. Re2 f5 29. exf5 Qd4+ 30. Kh1 Bxf5 31. Qd2 Qb4 32. Qf4 Qxf4 33. Rxf4 h5 34.
g4 hxg4 35. hxg4 Bd3 36. Re7 Rxb2 37. Rff7 Ne8 38. Rb7 1-0

[Event "14.Zlata Praha-D"]
[Site "Praha"]
[Date "2018.07.07"]
[Round "10.6"]
[White "Barotek, Martin"]
[Black "Benes, Petr"]
[Result "1-0"]
[WhiteElo "1947"]
[BlackElo "2119"]
[PlyCount "51"]
[EventDate "2018.??.??"]

1. e4 Nc6 2. Nc3 Nf6 3. d4 d6 4. f4 e5 5. dxe5 dxe5 6. Qxd8+ Kxd8 7. Bc4 Be6 8.
Bb3 Bb4 9. fxe5 Nxe4 10. Bd2 Nxd2 11. Kxd2 Nxe5 12. Rd1 Ke7 13. Kc1 Bxc3 14.
bxc3 Ng4 15. Nh3 Ne3 16. Rde1 Nxg2 17. Re2 Nh4 18. Rhe1 Rae8 19. Ng5 Kd7 20.
Nxe6 fxe6 21. Bxe6+ Kc6 22. Bd5+ Kd7 23. Be6+ Kd6 24. Rd1+ Kc6 25. Bd7+ Kb6 26.
Rxe8 1-0

[Event "14.Zlata Praha-D"]
[Site "Praha"]
[Date "2018.07.07"]
[Round "10.7"]
[White "Pirvulescu, Adrian"]
[Black "Pilar, Miloslav"]
[Result "0-1"]
[WhiteElo "1785"]
[BlackElo "2114"]
[PlyCount "108"]
[EventDate "2018.??.??"]

1. e4 e6 2. d4 d5 3. Nc3 Bb4 4. a3 Bxc3+ 5. bxc3 dxe4 6. Qg4 Nf6 7. Qxg7 Rg8 8.
Qh6 Rg6 9. Qh4 b6 10. Bg5 Bb7 11. Bb5+ c6 12. Be2 Nbd7 13. Bh5 Rg8 14. Ne2 Qe7
15. Ng3 Rxg5 16. Qxg5 c5 17. O-O O-O-O 18. Be2 Rg8 19. Qh4 Qd6 20. Rfd1 cxd4
21. Rxd4 Qe5 22. Rc4+ Nc5 23. Rd1 Bc6 24. Qh6 Qg5 25. Qxg5 Rxg5 26. Rcd4 Rd5
27. Rxd5 Nxd5 28. c4 Nc3 29. Rd2 Kc7 30. Bh5 f5 31. h3 Nd7 32. Ne2 Nxe2+ 33.
Bxe2 Ne5 34. Kh2 f4 35. Bg4 Nxc4 36. Rd4 Nxa3 37. Bxe6 Nb5 38. Rb4 a5 39. Rc4
Nd6 40. Rc3 Kb7 41. Bg8 h6 42. Bh7 a4 43. g3 fxg3+ 44. Kxg3 b5 45. Bg6 b4 46.
Re3 a3 47. Re1 Ba4 48. Bxe4+ Kc7 49. Bd3 b3 50. cxb3 Bxb3 51. Rb1 Bd5 52. Rc1+
Kd7 53. Rd1 a2 54. Bb1 Ke6 0-1

[Event "14.Zlata Praha-D"]
[Site "Praha"]
[Date "2018.07.07"]
[Round "11.1"]
[White "Sergeev, Vladimir"]
[Black "Barotek, Martin"]
[Result "1-0"]
[WhiteElo "2422"]
[BlackElo "1947"]
[PlyCount "53"]
[EventDate "2018.??.??"]

1. d4 d5 2. Bf4 Bf5 3. e3 e6 4. c4 c6 5. Qb3 Qb6 6. c5 Qxb3 7. axb3 Nd7 8. Nc3
h5 9. b4 f6 10. h3 Ne7 11. Nf3 Ng6 12. Bg3 h4 13. Bh2 Be4 14. Nd2 Bf5 15. b5 e5
16. b4 Be7 17. bxc6 bxc6 18. b5 cxb5 19. Nxd5 Rc8 20. Bxb5 Be6 21. Nxe7 Kxe7
22. O-O exd4 23. exd4 Rh5 24. Bd6+ Kf7 25. Rxa7 Rd8 26. Re1 Ngf8 27. Bxf8 1-0

[Event "14.Zlata Praha-D"]
[Site "Praha"]
[Date "2018.07.07"]
[Round "11.2"]
[White "Netusil, Miloslav"]
[Black "Burdalev, Kirill"]
[Result "0-1"]
[WhiteElo "2185"]
[BlackElo "2302"]
[PlyCount "126"]
[EventDate "2018.??.??"]

1. d4 Nf6 2. c4 c5 3. Nf3 g6 4. e3 Bg7 5. Nc3 O-O 6. Be2 cxd4 7. Nxd4 Nc6 8.
O-O d6 9. Nxc6 bxc6 10. Qc2 Rb8 11. b3 h5 12. h3 Bf5 13. Bd3 Bxd3 14. Qxd3 Nd7
15. Bb2 Nc5 16. Qc2 a5 17. Rab1 Qd7 18. Rfd1 Qe6 19. Ba3 Nd7 20. Ne2 c5 21. Nf4
Qf6 22. Nd5 Qe6 23. Nf4 Qf6 24. Bb2 Ne5 25. Rd5 Rfd8 26. Rbd1 Nf3+ 27. gxf3
Qxb2 28. Qxb2 Bxb2 29. R5d2 Bg7 30. Nd5 Kf8 31. e4 Rb7 32. Kf1 e6 33. Ne3 Ke7
34. Ke2 Ra7 35. f4 Bd4 36. Nc2 e5 37. Na3 a4 38. Nb5 Ra5 39. fxe5 dxe5 40. Rb1
axb3 41. Rxb3 Rda8 42. Nc7 R8a7 43. Nb5 Rb7 44. f4 Rd7 45. fxe5 Bxe5 46. Rxd7+
Kxd7 47. a3 Ra4 48. Kd3 f5 49. exf5 gxf5 50. Rb1 Ra8 51. Re1 Re8 52. Rf1 Ke6
53. Rg1 Rd8+ 54. Ke2 f4 55. Rg5 h4 56. Rg4 Kf5 57. Rxh4 Ke4 58. a4 Ra8 59. Rh6
Rxa4 60. Nd6+ Bxd6 61. Rxd6 Rxc4 62. Re6+ Kf5 63. Re8 Re4+ {Ke1 Ke5+} 0-1

[Event "14.Zlata Praha-D"]
[Site "Praha"]
[Date "2018.07.07"]
[Round "11.3"]
[White "Gregor, Jiri"]
[Black "Krnak, Vladimir"]
[Result "1-0"]
[WhiteElo "2285"]
[BlackElo "1656"]
[PlyCount "83"]
[EventDate "2018.??.??"]

1. d4 Nf6 2. c4 g6 3. Nf3 Bg7 4. Nc3 O-O 5. e4 d6 6. Be2 e5 7. O-O Nc6 8. d5
Ne7 9. Ne1 Nd7 10. Nd3 f5 11. exf5 gxf5 12. f4 e4 13. Nf2 Ng6 14. Be3 a6 15. g3
Kh8 16. Kh1 Qf6 17. Rc1 b6 18. Qd2 Nc5 19. Rfd1 Bd7 20. h3 h5 21. Bxh5 Rae8 22.
Kh2 Nd3 23. Nxd3 exd3 24. Qxd3 Re7 25. Bd4 Ne5 26. fxe5 dxe5 27. Bf2 Qg5 28.
Qe2 f4 29. Bg4 fxg3+ 30. Bxg3 Bxg4 31. Qxg4 Bh6 32. Qxg5 Bxg5 33. Rc2 Rf3 34.
Ne4 Bh6 35. Kg2 Re3 36. Re1 Rd3 37. Rce2 Rd4 38. b3 b5 39. Nf6 bxc4 40. Bxe5
Rg7+ 41. Ng4 Rdxg4+ 42. hxg4 1-0

[Event "14.Zlata Praha-D"]
[Site "Praha"]
[Date "2018.07.07"]
[Round "11.4"]
[White "Pilar, Miloslav"]
[Black "Gan-Erdene, Sugar"]
[Result "1/2-1/2"]
[WhiteElo "2114"]
[BlackElo "2074"]
[PlyCount "129"]
[EventDate "2018.??.??"]

1. d4 Nf6 2. Nf3 g6 3. c4 Bg7 4. Nc3 d6 5. e4 O-O 6. Be2 Na6 7. O-O e5 8. d5
Nh5 9. a3 Nf4 10. b4 f5 11. Re1 Nxe2+ 12. Qxe2 f4 13. Nd2 g5 14. f3 h5 15. h3
Rf6 16. Nd1 Rg6 17. Nf2 Bd7 18. Bb2 Qe7 19. Rac1 Rf8 20. Nb3 Ba4 21. Nd2 Bd7
22. Nb3 Ba4 23. Na5 b6 24. Nc6 Bxc6 25. dxc6 Qe8 26. b5 Nc5 27. Bc3 Ne6 28. a4
Qf7 29. a5 Nc5 30. axb6 axb6 31. Ra1 Re6 32. Ra7 Ree8 33. Qd1 Ra8 34. Qa1 Rxa7
35. Qxa7 Qxc4 36. Ba1 Ne6 37. Qa3 Qxb5 38. Qa2 Re8 39. Qd5 Qxd5 40. exd5 Nc5
41. Ne4 Nxe4 42. Rxe4 Ra8 43. Bc3 Kf7 44. Re1 Ra3 45. Rc1 Bf8 46. Kf1 Be7 47.
Rc2 Ra4 48. Ke2 Kf6 49. Kd3 Kf5 50. Rc1 Ra2 51. Ra1 Rxa1 52. Bxa1 g4 53. hxg4+
hxg4 54. Bc3 gxf3 55. gxf3 Bh4 56. Bb4 Be7 57. Be1 Bf6 58. Bf2 Bd8 59. Bg1 Kg5
60. Ke4 Kf6 61. Bf2 Kg6 62. Bg1 Kg5 63. Bf2 Kg6 64. Bg1 Kg5 65. Bf2 1/2-1/2

[Event "14.Zlata Praha-D"]
[Site "Praha"]
[Date "2018.07.07"]
[Round "11.5"]
[White "Pribyl, Josef"]
[Black "Modrova, Hana"]
[Result "1-0"]
[WhiteElo "2203"]
[BlackElo "1647"]
[PlyCount "37"]
[EventDate "2018.??.??"]

1. c4 e5 2. Nc3 Nc6 3. g3 d6 4. Bg2 Be6 5. b3 Qd7 6. e3 Nf6 7. d3 h5 8. h3
O-O-O 9. Nf3 g6 10. Ng5 Bg7 11. Nxe6 Qxe6 12. O-O Ne7 13. e4 c6 14. Be3 Kb8 15.
b4 Bh6 16. b5 Bxe3 17. fxe3 Kc7 18. Qf3 d5 19. Qxf6 1-0

[Event "14.Zlata Praha-D"]
[Site "Praha"]
[Date "2018.07.07"]
[Round "11.6"]
[White "Benes, Petr"]
[Black "Plasek, Zdenek"]
[Result "1-0"]
[WhiteElo "2119"]
[BlackElo "1964"]
[PlyCount "82"]
[EventDate "2018.??.??"]

1. c4 e6 2. Nf3 d5 3. b3 c6 4. Bb2 Nf6 5. g3 Nbd7 6. Bg2 Bd6 7. O-O O-O 8. Nc3
Qe7 9. Qc1 e5 10. cxd5 Nxd5 11. Ne4 Bc7 12. Ba3 Qd8 13. Bxf8 Qxf8 14. Qb2 f6
15. Rac1 N7b6 16. Nc5 Bd6 17. b4 a5 18. a3 axb4 19. axb4 Na4 20. Nxa4 Rxa4 21.
Ra1 Rxb4 22. Qa2 Be6 23. Qa8 Qxa8 24. Rxa8+ Kf7 25. Ne1 Rb2 26. Nf3 Bb4 27. Ra7
Be7 28. Rfa1 Nc7 29. e3 Nb5 30. Ra8 e4 31. Nd4 Nxd4 32. exd4 Rxd2 33. R8a7 Rb2
34. Bxe4 f5 35. Bd3 Bf6 36. Rb1 Rxb1+ 37. Bxb1 Bxd4 38. Rxb7+ Kf6 39. Kf1 Bc4+
40. Ke1 Bc3+ 41. Kd1 Bd5 1-0

[Event "14.Zlata Praha-D"]
[Site "Praha"]
[Date "2018.07.07"]
[Round "11.7"]
[White "Sakovski, Roman"]
[Black "Guzman Vasquez, Juan David"]
[Result "1-0"]
[WhiteElo "1000"]
[BlackElo "1000"]
[PlyCount "101"]
[EventDate "2018.??.??"]

1. e3 c5 2. Nf3 d5 3. b3 Nc6 4. Bb2 Nf6 5. c4 e6 6. d3 Be7 7. Nbd2 O-O 8. Be2
Nd7 9. h3 Bf6 10. d4 Re8 11. cxd5 exd5 12. O-O cxd4 13. Nxd4 Nxd4 14. exd4 Nf8
15. Bb5 Re7 16. Ba3 Rc7 17. Nf3 Bf5 18. Re1 Ne6 19. Rc1 Rxc1 20. Qxc1 a6 21.
Be2 Nxd4 22. Nxd4 Bxd4 23. Rd1 Qb6 24. Qf4 Be6 25. Qxd4 Qa5 26. Qb4 Qc7 27. Rc1
Qe5 28. Bf3 d4 29. Qc5 Qf4 30. Qd6 Qd2 31. Bxb7 Re8 32. Bc6 Rc8 33. Rc5 d3 34.
Bc1 Qd1+ 35. Kh2 h6 36. Bf3 Qxc1 37. Rxc1 Rxc1 38. Qxd3 g6 39. Qd8+ Kg7 40.
Qd4+ Kh7 41. a4 Bxb3 42. Qb2 Rc2 43. Qxb3 Rc7 44. Qb6 Re7 45. a5 Kg7 46. Qxa6
h5 47. Qb5 g5 48. Qb2+ f6 49. a6 Ra7 50. Qb7+ Rxb7 51. axb7 1-0